| 000 | 00515nam a2200181Ia 4500 | ||
|---|---|---|---|
| 005 | 20260429112032.0 | ||
| 008 | 260429s9999||||xx |||||||||||||| ||und|| | ||
| 020 | _a9781804895245 | ||
| 041 | _aEnglish | ||
| 082 |
_a518 _bRYA |
||
| 100 | _aRyan, Greg | ||
| 245 | 0 |
_aAdvances in numerical methods and analysis / _cGreg Ryan |
|
| 260 |
_aUnited Kingdom : _bBrilliant Publication Ltd. , _c2026. |
||
| 300 | _ax, 254 p.; hb | ||
| 650 | _a Computational mathematics | ||
| 650 | _aNumerical analysis | ||
| 942 | _cTB | ||
| 999 |
_c52011 _d52011 |
||